LEADER 00949nam0-22003251i-450 001 990007940150403321 005 20190415101551.0 010 $a1-56022-972-1 035 $a000794015 035 $aFED01000794015 035 $a(Aleph)000794015FED01 035 $a000794015 100 $a20041102d2004----km-y0itay50------ba 101 0 $aeng 102 $aUS 105 $ay---j---001y- 200 1 $aAgrometeorology$eprinciples and applications of climate studies in agriculture$fHarpal S. Mavi, Graeme J. Tupper 210 $aNew York$cFood Products Press$dc2004 215 $aXI, 364 p.$d22 cm 610 0 $aAgrometeorologia 676 $a630.251 5 700 1$aMavi,$bHarpal S.$0297751 701 1$aTupper,$bGraeme J.$0292223 801 0$aIT$bUNINA$gRICA$2UNIMARC 901 $aBK 912 $a990007940150403321 952 $a60 630.251 5 MAVH 2004$b9618$fFAGBC 959 $aFAGBC 996 $aAgrometeorology$9749442 997 $aUNINA LEADER 01198nam 2200373 450 001 9910793160003321 010 $a1-9787-0055-5 035 $a(CKB)4100000006669134 035 $a(MiAaPQ)EBC5492889 035 $a(EXLCZ)994100000006669134 100 $a20181003d2018 uy 0 101 0 $aeng 135 $aurcnu|||||||| 181 $ctxt$2rdacontent 182 $cc$2rdamedia 183 $acr$2rdacarrier 200 00$aWho is an African? $erace, identity, and destiny in post-apartheid South Africa /$fedited by Chammah J. Kaunda and Roderick R. Hewitt ; foreword by Marshall W. Murphree and Nobuhle Hlongwa 210 1$aLanham, Maryland :$cLexington :$cFortress Academic,$d2018. 215 $a1 online resource (337 pages) 311 $a1-9787-0054-7 606 $aEthnicity$zSouth Africa$vCongresses 615 0$aEthnicity 676 $a301.451 702 $aKaunda$b Chammah$g(Chammah J.), 702 $aHewitt$b Roderick R. 702 $aMurphree$b Marshall W. 702 $aHlongwa$b Nobuhle 801 0$bMiAaPQ 801 1$bMiAaPQ 801 2$bMiAaPQ 906 $aBOOK 912 $a9910793160003321 996 $aWho is an African$93700247 997 $aUNINA LEADER 04900nam 2200685Ia 450 001 9910788425603321 005 20230721050459.0 010 $a3-11-091819-6 024 7 $a10.1515/9783110918199 035 $a(CKB)3360000000338516 035 $a(EBL)937328 035 $a(OCoLC)648412744 035 $a(SSID)ssj0000714247 035 $a(PQKBManifestationID)12297816 035 $a(PQKBTitleCode)TC0000714247 035 $a(PQKBWorkID)10664395 035 $a(PQKB)10038897 035 $a(MiAaPQ)EBC937328 035 $a(DE-B1597)56998 035 $a(OCoLC)979913585 035 $a(DE-B1597)9783110918199 035 $a(Au-PeEL)EBL937328 035 $a(CaPaEBR)ebr10597287 035 $a(EXLCZ)993360000000338516 100 $a20070227d2007 uy 0 101 0 $aeng 135 $aur||#|||||||| 181 $ctxt 182 $cc 183 $acr 200 10$aRethinking the coordinate-subordinate dichotomy$b[electronic resource] $einterpersonal grammar and the analysis of adverbial clauses in English /$fby Jean-Christophe Verstraete 210 $aBerlin ;$aNew York $cMouton de Gruyter$d2007 215 $a1 online resource (340 p.) 225 0 $aTopics in English linguistics ;$v55 300 $aDescription based upon print version of record. 311 0 $a3-11-019950-5 320 $aIncludes bibliographical references (p. [301]-314) and index. 327 $tFront matter --$tAcknowledgements --$tContents --$tAbbreviations --$tTables --$tFigures --$tIntroduction --$tPart 1. Parameters of interpersonal grammar in the simple clause --$tIntroduction to Part 1 --$tChapter 1. Modality: Construing a position --$tChapter 2. Speech Function: Assigning responsibility --$tChapter 3. Focus and scope: Delineating a domain --$tPart 2. Interpersonal grammar and clause combining --$tIntroduction to Part 2 --$tChapter 4. Parameters of interpersonal grammar and the analysis of clause combining --$tChapter 5. Combining the parameters: A typology --$tChapter 6. Motivating the typology: Function --$tChapter 7. Motivating the typology: Grammar --$tChapter 8. Motivating the typology: Semantics --$tPart 3. Applications and implications --$tIntroduction to Part 3 --$tChapter 9. Speaker-related versus SoA-related interpretations --$tChapter 10. Initial and final position --$tChapter 11. Typological outlook --$tConclusion --$tNotes --$tReferences --$tSubject index --$tAuthor index 330 $aThis study argues that the domain traditionally covered by 'coordination' and 'subordination' in English can be subdivided into four distinct construction types. The constructions are defined on the basis of differences in their 'interpersonal' structure, i.e. the grammatical encoding of speaker-attitude and speaker-interlocutor interaction. It is shown that the four types constitute syntactically, semantically and pragmatically coherent categories, with differences in interpersonal structure defining and motivating distinct syntactic behaviour, distinct pragmatic functions and distinct semantic classes of clause linkage. The validity of the analysis is demonstrated in three ways. First, it is shown that the analysis can make sense of the wide range of apparently conflicting criteria found in the literature on complex sentences, which can now be explained as reflections of four different construction types rather than as alternative perspectives on one single contrast between coordination and subordination. Second, it is shown how the analysis can deal with two specific problems in the more general area of clause combining, viz. the syntactic basis of the distinction between 'content', 'epistemic' and 'speech act' levels of clause linkage, and the distinct discursive functions associated with initial and final position of adverbial clauses. Finally, it is also shown that the proposed analysis is useful beyond the analysis of English, with parallels in a number of cross-linguistically recurrent phenomena of clause linkage. The book is mainly of interest to linguistics researchers in the areas of syntax, semantics and pragmatics as well as to graduate students with a focus on these fields. 410 0$aTopics in English linguistics ;$v55. 606 $aEnglish language$xModality 606 $aEnglish language$xAdverb 606 $aEnglish language$xClauses 610 $aEnglish / language. 610 $apragmatics. 610 $asemantics. 610 $asyntax. 615 0$aEnglish language$xModality. 615 0$aEnglish language$xAdverb. 615 0$aEnglish language$xClauses. 676 $a425 686 $aHF 305$qSEPA$2rvk 700 $aVerstraete$b Jean-Christophe$f1976-$01092381 801 0$bMiAaPQ 801 1$bMiAaPQ 801 2$bMiAaPQ 906 $aBOOK 912 $a9910788425603321 996 $aRethinking the coordinate-subordinate dichotomy$93825572 997 $aUNINA